| 000 | 01587nam a22002177a 4500 | ||
|---|---|---|---|
| 005 | 20230311114215.0 | ||
| 008 | 230311b ||||| |||| 00| 0 eng d | ||
| 020 | _a9781032509273 | ||
| 040 | _cAL | ||
| 041 | _aeng | ||
| 082 |
_223 _a519.502855133 _bWICA |
||
| 100 |
_aHadley Wickham _975067 |
||
| 245 | _aAdvanced R | ||
| 250 | _a2nd ed. | ||
| 260 |
_aNew York _bCRC Press _c2023 |
||
| 300 |
_axv,587p _bPB _c22.5x15cm. |
||
| 365 |
_2General _a8197 _b₹1946.00 _c₹ _d₹2495.00 _e22% _f3-03-2023 |
||
| 500 | _aAn Essential Reference for Intermediate and Advanced R Programmers Advanced R presents useful tools and techniques for attacking many types of R programming problems, helping you avoid mistakes and dead ends. With more than ten years of experience programming in R, the author illustrates the elegance, beauty, and flexibility at the heart of R. The book develops the necessary skills to produce quality code that can be used in a variety of circumstances. You will learn: The fundamentals of R, including standard data types and functions Functional programming as a useful framework for solving wide classes of problems The positives and negatives of metaprogramming How to write fast, memory-efficient code This book not only helps current R users become R programmers but also shows existing programmers what‘s special about R. Intermediate R programmers can dive deeper into R and learn new strategies for solving diverse problems while programmers from other languages can learn the details of R and understand | ||
| 650 |
_aStatistics _975068 |
||
| 942 |
_2ddc _cBK |
||
| 999 |
_c227006 _d227006 |
||